Lebanon Governorates Capitals Quiz - Statistics

General Stats
  • This quiz has been taken 59 times
  • The average score is 7 of 9
Answer Stats
Governorate Capital % Correct
Beirut Beirut
96%
North Tripoli
94%
Baalbek-Hermel Baalbek
91%
South Sidon
91%
Nabatiyeh Nabatiyeh
83%
Beqaa Zahle
79%
Keserwen-Jbeil Jounieh
70%
Mount Lebanon Baabda
64%
Akkar Halba
40%
No matching quizzes found
Score Distribution
Percent of People with Each Score
Percentile by Number Answered
Your Score History
You have not taken this quiz